Towards a methodology for costing biodiversity conservation in the UK : (Registro nro. 363)
[ vista simple ]
| 000 -CABECERA | |
|---|---|
| Campo de control | 01082cam a2200265 a 4500 |
| 005 - FECHA Y HORA DE LA ULTIMA TRANSACCION | |
| Campo de control | 20171107124149.0 |
| 008 - ELEMENTOS DE LONGITUD FIJA—INFORMACION GENERAL | |
| Campo de control | 961030s1996 enk b f000 0 eng d |
| 020 ## - ISBN | |
| ISBN | 0117532576 |
| 040 ## - FUENTE DE CATALOGACIÓN | |
| Agencia catalogadora original | Uk |
| Agencia transcriptora | Uk |
| Agencia Modificadora | DLC |
| -- | DLC |
| -- | CO-BoIAVH |
| 041 0# - IDIOMA | |
| Código de idioma para texto/pista de sonido o título separado | Inglés |
| 044 ## - PAÍS DE PUBLICACIÓN | |
| País de publicación | Colombia |
| 082 04 - NUMERO DE CLASIFICACION DECIMAL DEWEY | |
| Número de clasificación | 333.950681 |
| Número del ítem | W73t |
| 100 1# - ASIENTO PRINCIPAL--NOMBRE PERSONAL | |
| Nombre personal | Willis, K. J. |
| Término relacionado | autor |
| 9 (RLIN) | 22696 |
| 245 10 - MENCION DE TITULO | |
| Título | Towards a methodology for costing biodiversity conservation in the UK : |
| Parte restante del título | a report to the Department of the Environment / |
| Mención de responsabilidad | Ken Willis, Guy Garrod y Peter Shepherd. |
| 260 ## - PUBLICACION, DISTRIBUCION, ETC. (PIE DE IMPRENTA) | |
| Lugar de publicación, distribución, etc. | Londres (Inglaterra) : |
| Nombre del editor, distribuidor, etc. | HMSO, |
| Fecha de publicación, distribución, etc. | c1996. |
| 300 ## - DESCRIPCION FISICA | |
| Extensión | 197 páginas : |
| Otros detalles físicos | ilustraciones ; |
| Dimensiones | 30 x 21 cm. |
| 504 ## - NOTA DE BIBLIOGRAFIA, ETC. | |
| Nota de bibliografía | Incluye referencias bibliográficas. |
| 650 16 - ASIENTO SECUNDARIO DE MATERIA - TERMINO TEMATICO | |
| Término temático o nombre geográfico como elemento de entrada | Conservación de la diversidad biológica |
| Subdivisión general | Aspectos económicos |
| Subdivisión geográfica | Reino Unido |
| 9 (RLIN) | 86777 |
| 650 26 - ASIENTO SECUNDARIO DE MATERIA - TERMINO TEMATICO | |
| Término temático o nombre geográfico como elemento de entrada | Biodiversidad |
| Subdivisión general | Aspectos económicos |
| Subdivisión geográfica | Reino Unido |
| 9 (RLIN) | 86778 |
| 650 26 - ASIENTO SECUNDARIO DE MATERIA - TERMINO TEMATICO | |
| Término temático o nombre geográfico como elemento de entrada | Economía medioambiental |
| Subdivisión geográfica | Reino Unido |
| 9 (RLIN) | 86779 |
| 700 1# - ASIENTO SECUNDARIO - NOMBRE PERSONAL | |
| Nombre personal | Garrod, Guy |
| Término de relación | autor |
| 9 (RLIN) | 7483 |
| 700 1# - ASIENTO SECUNDARIO - NOMBRE PERSONAL | |
| Nombre personal | Shepherd, Peter |
| Término de relación | autor |
| 9 (RLIN) | 7484 |
| 710 1# - ASIENTO SECUNDARIO - NOMBRE CORPORATIVO | |
| Nombre corporativo o de jurisdicción como elemento de entrada | Great Britain |
| Unidad subordinada | Department of the Environment |
| 9 (RLIN) | 86780 |
| 942 ## - ELEMENTOS ADICIONALES (KOHA) | |
| Sistema de clasificación | Dewey Decimal Classification |
| Tipo de ítem | Libro |
| Withdrawn status | Lost status | Sistema de Clasificación | Damaged status | No para préstamo | Colección | Inventariado | Ubicación Permanente | Ubicación actual | Fecha de adquisición | Fuente de Valor | Valor | Total Checkouts | Número topográfico | Inventario / Código de Barras | Date last seen | Ejemplar | Price effective from | Forma de adquisición | Tipo de material |
|---|---|---|---|---|---|---|---|---|---|---|---|---|---|---|---|---|---|---|---|
| Dewey Decimal Classification | General | Inventariado 2017 | Sala Fabio Quevedo | Sala Fabio Quevedo | 01/02/1998 | Instituto | 39000.00 | LB-333.950681 W73t | 000508 | 04/12/2012 | Ej. 1 | 04/12/2012 | Donación | Libro |